000 00366nam a2200133Ia 4500
008 151001s9999||||xx |||||||||||||| ||und||
100 _aदुर्गा - भागवत
245 _aरुपरंग
250 _a2
260 _bपॉप्युलर प्रकाशन मुंबई
260 _c1989
300 _a142
365 _b18
999 _c969621
_d969618